000 00316pab a2200145 454500
008 180718b xxu||||| |||| 00| 0 eng d
100 _aToor N.S.
245 _aOmbudsman and bank
362 _a25 Oct 93, p.19
650 _a Lok Pal
650 _a Banks
650 _aOmbudsman
773 _aTribune
909 _a25948
999 _c25948
_d25948